#1 Hip-Hop/R&B Songs of the 1990's - Statistics

General Stats
  • This quiz has been taken 109 times
  • The average score is 70 of 191
Answer Stats
Year Weeks Song Artist % Correct
1996 3 How Do U Want It / California Love 2Pac
91%
1997 3 Hypnotize The Notorious B.I.G.
89%
1995 9 One More Chance / Stay with Me The Notorious B.I.G.
89%
1999 5 No Scrubs TLC
87%
1994/1995 9 Creep TLC
87%
1992 2 Baby-Baby-Baby TLC
87%
1995/1996 8 Exhale (Shoop Shoop) (From "Waiting to Exhale") Whitney Houston
81%
1992/1993 11 I Will Always Love You Whitney Houston
81%
1991 2 All the Man That I Need Whitney Houston
81%
1990 2 I'm Your Baby Tonight Whitney Houston
81%
1999 2 Satisfy You Puff Daddy
76%
1997 8 I'll Be Missing You Puff Daddy
76%
1997 6 Can't Nobody Hold Me Down Puff Daddy
76%
1993 2 Nuthin' But a "G" Thang Dr. Dre
75%
1999 2 Heartbreaker Mariah Carey
75%
1996 1 Always Be My Baby Mariah Carey
75%
1995 6 Fantasy Mariah Carey
75%
1991 1 Emotions Mariah Carey
75%
1990 1 Love Takes Time Mariah Carey
75%
1990 2 Vision of Love Mariah Carey
75%
1999 9 Bills, Bills, Bills Destiny's Child
74%
1998 1 No, No, No Destiny's Child
74%
1995 4 You Are Not Alone Michael Jackson
74%
1992 1 In the Closet Michael Jackson
74%
1992 2 Remember the Time Michael Jackson
74%
1996/1997 6 I Believe I Can Fly (From "Space Jam") R. Kelly
74%
1996 2 I Can't Sleep Baby (If I) R. Kelly
74%
1996 7 Down Low (Nobody Has to Know) R. Kelly
74%
1995 1 You Remind Me of Something R. Kelly
74%
1994 12 Bump N' Grind R. Kelly
74%
1992 1 Slow Dance (Hey Mr. DJ) R. Kelly
74%
1992 2 Honey Love R. Kelly
74%
1990 1 U Can't Touch This M.C. Hammer
72%
1998 2 I Get Lonely Janet Jackson
67%
1994 10 Any Time, Any Place / And On and On Janet Jackson
67%
1993 4 That's the Way Love Goes Janet Jackson
67%
1990 1 Escapade Janet Jackson
67%
1990 1 Rhythm Nation Janet Jackson
67%
1992 1 The Best Things in Life Are Free Luther Vandross / Janet Jackson
67%
1997/1998 2 A Song for Mama Boyz II Men
66%
1994 9 I'll Make Love to You Boyz II Men
66%
1992 4 End of the Road (From "Boomerang") Boyz II Men
66%
1992 1 Uhh Ahh Boyz II Men
66%
1991 1 It's So Hard to Say Goodbye to Yesterday Boyz II Men
66%
1998 8 Nice & Slow Usher
64%
1997 11 You Make Me Wanna... Usher
64%
1996 4 No Diggity BLACKstreet
60%
1998 8 The Boy Is Mine Brandy / Monica
60%
1995 4 Baby Brandy
59%
1994 4 I Wanna Be Down Brandy
59%
1998 3 Let's Ride Montell Jordan
59%
1995 7 This Is How We Do It Montell Jordan
59%
1995 1 Boombastic / In the Summertime Shaggy
59%
1993 1 Check Yo Self Ice Cube
56%
1996 2 If Your Girl Only Knew Aaliyah
52%
1994 3 Back & Forth Aaliyah
52%
1996 5 Not Gon' Cry (From "Waiting to Exhale") Mary J. Blige
52%
1992 2 Real Love Mary J. Blige
52%
1992 1 You Remind Me (From "Strictly Business") Mary J. Blige
52%
1998 6 The First Night Monica
52%
1996 2 Before You Walk Out of My Life / Like This and Like That Monica
52%
1995 2 Don't Take It Personal (Just One of Dem Days) Monica
52%
1996 2 You're Makin' Me High / Let It Flow Toni Braxton
51%
1996 2 Pony Ginuwine
49%
1996 7 The Crossroads Bone Thugs-N-Harmony
48%
1996 1 You're the One SWV
48%
1993 7 Right Here (Human Nature) / Downtown SWV
48%
1993 2 Weak SWV
48%
1997 1 Don't Let Go (Love) En Vogue
45%
1992 1 Giving Him Something He Can Feel En Vogue
45%
1992 2 My Lovin' (You're Never Gonna Get It) En Vogue
45%
1991 1 You Don't Have to Worry En Vogue
45%
1990 1 Lies En Vogue
45%
1990 2 Hold On En Vogue
45%
1991 1 Summertime D.J. Jazzy & The Fresh Prince
44%
1991 1 Do Me Again Freddie Jackson
41%
1991 2 Love Me Down Freddie Jackson
41%
1990 1 Thieves in the Temple Prince
40%
1997 4 Never Make a Promise Dru Hill
39%
1998 3 Too Close Next
39%
1993 1 Hip Hop Hooray Naughty by Nature
38%
1994 4 Cry for You Jodeci
34%
1993 4 Lately Jodeci
34%
1992 2 Come & Talk to Me Jodeci
34%
1992 2 Stay Jodeci
34%
1991 2 Forever My Lady Jodeci
34%
1990 1 B.B.D. (I Thought It Was Me)? Bell Biv DeVoe
33%
1990 2 Posion Bell Biv DeVoe
33%
1992 2 Humpin' Around Bobby Brown
33%
1999/2000 8 U Know What's Up Donell Jones
33%
1991 1 I Adore Mi Amor Color Me Badd
31%
1991 2 I Wanna Sex You Up (From "New Jack City") Color Me Badd
31%
1992 3 Save the Best for Last Vanessa Williams
31%
1991 2 Running Back to You Vanessa Williams
31%
1998 3 How Deep Is Your Love Dru Hill
29%
1997 3 In My Bed Dru Hill
29%
1996 3 Nobody Keith Sweat
29%
1996 3 Twisted Keith Sweat
29%
1992 2 Keep It Comin' Keith Sweat
29%
1993/1994 3 Can We Talk Tevin Campbell
29%
1992 1 Alone with You Tevin Campbell
29%
1992 1 Tell Me What You Want Me to Do Tevin Campbell
29%
1991 1 I'll Give All My Love to You Keith Sweat
28%
1990 1 Make You Sweat Keith Sweat
28%
1998 2 All My Life / Don't Rush (Take Love Slowly) K-Ci / JoJo
27%
1995 3 I'll Be There for You / You're All I Need to Get By Method Man
27%
1990 1 Crazy The Boys
25%
1992 1 Tennessee Arrested Development
24%
1999 1 What's It Gonna Be?! Busta Rhymes
24%
1991 1 Gonna Make You Sweat (Everybody Dance Now) C+C Music Factory
24%
1997 2 On & On Erykah Badu
22%
1993 4 Knockin' Da Boots H-Town
22%
1992 1 If I Ever Fall in Love Shai
22%
1999 1 Never Gonna Let You Go Faith Evans
21%
1991 1 Wrap My Body Tight Johnny Gill
21%
1990 2 My, My, My Johnny Gill
21%
1990 1 Rub You the Right Way Johnny Gill
21%
1990 2 Where Do We Go from Here Johnny Gill / Stacy Lattisaw
21%
1996 3 Hit Me Off New Edition
21%
1993 8 Freak Me Silk
21%
1995 3 Candy Rain Soul for Real
21%
1995 1 Who Can I Run To Xscape
21%
1994 2 Understanding Xscape
21%
1993 4 Just Kickin' It Xscape
21%
1991 1 I'm Dreamin' (From "New Jack City") Christopher Williams
20%
1991/1992 4 I Love Your Smile Shanice
20%
1999 8 Fortunate Maxwell
19%
1993 1 Whoomp! (There Is Is) Tag Team
19%
1994 3 Practice What You Preach Barry White
16%
1999 2 We Can't Be Friends Deborah Cox
16%
1998/1999 14 Nobody's Supposed to Be Here Deborah Cox
16%
1991 1 Romantic Karyn White
16%
1991 2 Power of Love / Love Power Luther Vandross
16%
1990 1 Tomorrow (A Better You, Better Me) Quincy Jones
16%
1990 1 The Secret Garden Quincy Jones
16%
1990 2 I'll Be Good to You Quincy Jones
16%
1991 2 Whatever You Want Tony Toni Tone
16%
1990 2 It Never Rains (In Southern California) Tony Toni Tone
16%
1990 2 Feels Good Tony Toni Tone
16%
1990 1 The Blues Tony Toni Tone
16%
1989/1990 2 Tender Lover Babyface
15%
1992 1 Here I Go Again Glenn Jones
15%
1992 1 All Woman Lisa Stansfield
15%
1990 1 You Can't Deny It Lisa Stansfield
14%
1990 2 All Around the World Lisa Stansfield
14%
1990 1 Sensitivity Ralph Tresvant
14%
1998 5 Friend of Mine Kelly Price
13%
1997/1998 7 My Body LSG
13%
1990 1 Can't Stop After 7
12%
1990 2 Ready or Not After 7
12%
1991 1 Private Line Gerald Levert
12%
1992 1 Baby Hold On to Me Gerald Levert / Eddie Levert
12%
1991 1 I Can't Wait Another Minute Hi-Five
11%
1991 2 I Like the Way (The Kissing Game) Hi-Five
11%
1992 2 Don't Be Afraid (From "Juice") Aaron Hall
9%
1991 1 Baby I'm Ready LeVert
9%
1991 2 Love Makes Things Happen Pebbles
9%
1990 3 Giving You the Benefit Pebbles
9%
1991 1 I'll Take You There BeBe & CeCe Winans
8%
1991 2 Addictive Love BeBe & CeCe Winans
8%
1997 4 G.H.E.T.T.O.U.T. Changing Faces
8%
1999 2 Spend My Life with You Eric Benet
8%
1992 1 Do It to Me Lionel Richie
8%
1991 2 How Can I Ease the Pain Lisa Fischer
7%
1992 1 Ain't Nobody Like You Miki Howard
7%
1990 1 Make It Like It Was Regina Belle
7%
1990 1 It's Gonna Be Alright Ruby Turner
7%
1992 1 Sweet November Troop
7%
1990 1 All I Do Is Think of You Troop
7%
1990 2 Spread My Wings Troop
7%
1991 2 Can You Stop the Rain Peabo Bryson
6%
1991 1 The First Time Surface
6%
1991 1 Tender Kisses Tracie Spencer
6%
1992 1 Right Now Al B. Sure!
5%
1990 1 Misunderstanding Al B. Sure!
5%
1993 6 Gangsta Lean DRS
5%
1991 1 Let the Beat Hit 'Em Lisa Lisa & Cult Jam
5%
1991 1 It Should've Been You Teddy Pendergrass
5%
1991 1 Are You Lonely for Me The Rude Boys
5%
1991 1 Written All Over Your Face The Rude Boys
5%
1991 1 Kissing You Keith Washington
4%
1992 1 Games Chuckii Booker
2%
1991 2 Exclusivity Damian Dame
2%
1991 1 Don't Wanna Change the World Phyllis Hyman
2%
1990 2 So You Like What You See Samuelle
2%
1990 1 Real Love Skyy
2%
1990 1 Jerk Out The Time
2%
1999 7 Whitney Houston Heartbreak Hotel
1%
1991 1 Call Me Phil Perry
1%
1996 1 Last Night (From "The Nutty Professor") AZ Street
0%
1992 1 Diamonds and Pearls Prince and the N.P.G.
0%
No matching quizzes found
Score Distribution
Percent of People with Each Score
Percentile by Number Answered
Your Score History
You have not taken this quiz